000 01104cam a2200373 a 4500
001 73239
005 20230410132614.0
008 990308r19991950nyu 000 1 eng
010 _a 99024865
035 _a(OCoLC)ocm40964964
040 _aDLC
_cDLC
_dBAKER
_dBTCTA
_dYDXCP
_dOCLCG
_dSIE
_dSINLB
_dVP@
020 _a0140286829
020 _a9780140286823
029 1 _aYDXCP
_b1601975
029 1 _aNZ1
_b2239498
029 1 _aAU@
_b000014614715
035 _a(OCoLC)40964964
050 1 4 _aPR 6013
_bG799t 1999
082 0 0 _a823/.912
049 _aGRAL
100 1 _aGreene, Graham,
_d1904-1991.
245 1 4 _aThe third man /
_cGraham Greene.
260 _aNew York :
_bPenguin Books,
_c1999.
300 _a157 p. ;
_c20 cm.
650 0 _aBritish
_zAustria
_vFiction.
650 0 _aCriminals
_vFiction.
651 0 _aVienna (Austria)
_vFiction.
938 _aBaker & Taylor
_bBKTY
_c13.00
_d9.75
_i0140286829
_n0003278158
_sactive
938 _aBaker and Taylor
_bBTCP
_n99024865
938 _aYBP Library Services
_bYANK
_n1601975
942 _2lcc
_cbk
994 _aC0
_bDRFGD
946 _aRCH
999 _c84516
_d84516